Statistics for Town of Salem Achievements

Click here to take the quiz!

General Stats

  • This quiz has been taken 19 times
  • The average score is 113 of 361

Answer Stats

CategoryNameDescription% Correct
GeneralAn Unstoppable Force Meets an Invincible ObjectBe in a game where Pestilence is attacked by a fully powered up Juggernaut.
71%
WerewolfRampageAttack 5 people in one night.
71%
PlaguebearerA God Among UsBecome Pestilence, Horseman of the Apocaylpse.
57%
PirateBut You Have Heard of MeLose 10 duels in a game.
57%
TrapperDisinfect This TrapSee Pestilence visit your target.
57%
AmnesiacI am who I am.Remember that you were an Amnesiac.
57%
VeteranMassacreKill three people in one night
57%
BlackmailerOopsBlackmail a member of the Mafia.
57%
ExecutionerPatience, Jackass, PatienceGet your target lynched on day 10 or later.
57%
ExecutionerPopular TargetBe attacked 5 or more times in a game.
57%
TrackerStalkerTrack the same player 3 times.
57%
MedusaStone WallTurn a revealed Mayor to stone.
57%
GeneralThe Perfect TownWin with all Town members still alive.
57%
WitchTwo Birds, One StoneMake a Vigilante shoot another town member.
57%
ConsigliereUh OhFind a Veteran
57%
JuggernautUnstoppable
57%
InvestigatorWho am I?Investigate yourself.
57%
GeneralApprenticeWin 10 games of Town of Salem
43%
MedusaA Rockin PartyTurn 3 players into stone in a single night.
43%
TrackerAround the BlockSee your target visit you.
43%
JesterArsonist's Evil SpiritHaunt an Arsonist.
43%
Serial KillerBay Harbor ButcherKill 5 or more people in one game.
43%
NecromancerBlood MoonReanimate a Werewolf on the Full Moon.
43%
SheriffBustedFind a member of the Mafia.
43%
HypnotistCluck Like a ChickenHypnotize 5 players in a game.
43%
Vampire HunterConstantineKill 2 Vampires in 1 Night.
43%
GodfatherCost NostraWin 5 games as a Godfather
43%
VampireCount DraculaWin 1 game as a Vampire.
43%
InvestigatorDetectiveWin your first game as an Investigator
43%
Serial KillerDexter MorganKill the Jailor who jailed you.
43%
ArsonistDisco InfernoIgnite 5 or more people in one night.
43%
WitchDouble-Edged SwordForce 2 Town members to die to a Veteran in a game.
43%
MayorFearlessReveal yourself as Mayor on day 1.
43%
ArsonistFirebugWin 5 games as an Arsonist
43%
JailorFlawless ExecutionerExecute 3 non-town members in a game.
43%
AmnesiacForgetfulWin 5 games as an Amnesiac
43%
Guardian AngelFrom Beyond the GraveSave your target when you are dead.
43%
BlackmailerGag OrderBlackmail the same person 3 times.
43%
ExecutionerGas ChamberWin 25 games as an Executioner
43%
SheriffGot YouFind a Serial Killer.
43%
InvestigatorGumshoeWin 5 games as an Investigator
43%
GeneralIconicWin 250 games of Town of Salem
43%
JailorI knew it!Be killed by the Serial Killer you jailed.
43%
EscortI look good!Role block yourself.
43%
JuggernautI'm the Juggernaut, Witch
43%
MayorIncognitoWin without revealing yourself as the Mayor.
43%
LookoutI see youSuccessfully watch someone at night.
43%
LookoutIt's a partyHave 5 or more people visit your target.
43%
ConsortIt's a trap!Role block the Godfather.
43%
TrapperIt's a Trap!Win 1 game as a Trapper.
43%
ArsonistIt's gettin' hot in hereIgnite yourself.
43%
SurvivorKevlarHave your bulletproof vest save you from death.
43%
ConsigliereKill him, Quick!Find a Sheriff.
43%
PoisonerLast MealHave a jailed player die to your poison.
43%
Serial KillerLonely KillerWin your first game as a Serial Killer
43%
HypnotistLook AwayHypnotize a fellow Mafia member.
43%
AmbusherLying in WaitWin 25 games as an Ambusher.
43%
MafiosoMichael CorleoneBe promoted to the Godfather.
43%
SurvivorNot AfraidWin without using a bulletproof vest.
43%
VeteranNot ParanoidWin without going on alert all game.
43%
SheriffNot SuspiciousFind someone to not be suspicious.
43%
GeneralNoviceWin 5 games of Town of Salem
43%
PirateOn a RollWin 2 duels in a row
43%
VigilanteOuchShoot yourself at night.
43%
InvestigatorPrivate EyeWin 10 games as an Investigator
43%
BodyguardProtectorWin 10 games as a Bodyguard
43%
ArsonistPyromaniacWin your first game as an Arsonist
43%
ExecutionerQuick ExecutionGet your target lynched on day 2.
43%
RetributionistRevitalizeWin 10 games as a Retributionist
43%
GeneralSavant of NeutralityWin with all Coven expansion Neutral roles.
43%
PsychicSeerWin 1 game as a Psychic.
43%
BlackmailerSelf-ConsciousBlackmail yourself.
43%
JesterSerial Killer's SpecterHaunt a Serial Killer.
43%
InvestigatorSherlock HolmesWin 25 games as an Investigator
43%
DoctorStitch YourselfHeal yourself after being attacked.
43%
TransporterStop hittin' yourselfMake someone attack themself.
43%
JesterSuicidalWin 10 games as a Jester
43%
AmnesiacTaking SidesRemember that you were a member of the Mafia.
43%
MediumTalk to a PyroCommunicate with an Arsonist.
43%
MediumTalk to the Mob
Communicate with the Godfather.
43%
ArsonistThere can be only one.Ignite a Serial Killer and Godfather in the same night.
43%
SpyToo Many MafiaSee 4 or more mafia visit people at night.
43%
WerewolfTriple ThreatKill a Godfather, Arsonist and SerialKiller in the same night.
43%
SurvivorTrusting a PsychoWin with a SerialKiller.
43%
BodyguardWardenWin 25 games as a Bodyguard
43%
RetributionistWelcome Back DocResurrect a Doctor to heal yourself.
43%
InvestigatorWho are you?Successfully investigate someone.
43%
Vampire HunterAbraham LincolnWin 5 games as a Vampire Hunter.
29%
ConsortAccompanyWin your first game as a Consort
29%
Hex MasterAccursedWin 5 games as a Hex Master.
29%
GeneralAdept of the MafiaWin with all of the Mafia roles.
29%
GeneralAdept of the TownWin with all of the Town roles.
29%
AmbusherA Diseased BladeAmbush Pestilence.
29%
AmbusherA Fatal ErrorAmbush a Werewolf who visits your target.
29%
Coven LeaderA Helping HandControl a player into Medusa's gaze.
29%
Potion MasterAlchemistWin 1 game as a Potion Master.
29%
Vampire HunterAlucardWin 25 games as a Vampire Hunter.
29%
MayorAmbassadorWin 5 games as a Mayor
29%
AmbusherAmbushed!Win your first game as an Ambusher.
29%
NecromancerAn Extinct DiseaseReanimate Pestilence.
29%
TrapperAnti-Magic TrapHave the Coven Leader trigger your trap.
29%
PirateARG!Win 1 game as a Pirate.
29%
NecromancerArmy of the DeadWin 5 games as a Necromancer.
29%
Hex MasterBackfire!Hex a fellow Coven member.
29%
VeteranBattle-HardenedWin your first game as Veteran
29%
TrapperBear TrapWin 5 games as a Trapper.
29%
SpyBig EyesSee someone get healed.
29%
AmnesiacBlackoutWin 25 games as an Amnesiac
29%
Vampire HunterBladeWin 1 game as a Vampire Hunter.
29%
CrusaderBlessing of ProtectionProtect 5 people in a game.
29%
PoisonerBlightPoison 5 people in a game.
29%
PsychicBlinded by LoveBe role blocked 3 times in a single game.
29%
TrackerBloodhoundWin 25 games as a Tracker.
29%
VampireBlood LustConvert someone to be a Vampire.
29%
Vampire HunterBuffy the Vampire SlayerKill 3 Vampires in one game.
29%
JuggernautBuilding Momentum
29%
BodyguardBulletproofHave your bulletproof vest save you from death.
29%
DisguiserCamouflageWin your first game as a Disguiser
29%
Guardian AngelCastielWin 25 games as a Guardian Angel.
29%
BodyguardChaperonWin your first game as a Bodyguard
29%
Coven LeaderCharmerWin 10 games as the Coven Leader.
29%
SpyCIAWin 25 games as a Spy
29%
JanitorClean as a WhistleWin 5 games as a Janitor
29%
GeneralClose CallBe acquitted by a tie vote.
29%
AmnesiacClouded MindWin 10 games as an Amnesiac
29%
MayorCommander and ChiefWin 25 games as a Mayor
29%
ConsortCompanionWin 5 games as a Consort
29%
SheriffConstableWin 10 games as a Sheriff
29%
JailorCorrectional OfficerWin 5 games as a Jailor
29%
ForgerCould Be Worse?Forge a will on yourself.
29%
ForgerCounterfeit ConnoisseurSuccessfully forge a will.
29%
ForgerCounterfeiterWin 10 games as a Forger.
29%
TransporterCourierWin your first game as a Transporter
29%
ConsigliereCross-ExamineWin 10 games as a Consigliere
29%
Hex MasterCurse the GodsHex Pestilence.
29%
JanitorCustodianWin your first game as a Janitor
29%
ConsortDangerous ProfessionDie to the Serial Killer you visited.
29%
EscortDangerous WorkDie from visiting a Serial Killer
29%
NecromancerDay of the DeadWin 10 games as a Necromancer.
29%
BlackmailerDeceitfulWin 10 games as a Blackmailer
29%
GeneralDedicatedWin 25 games of Town of Salem
29%
PoisonerDelayed ParanoiaHave a Veteran on alert die to your poison.
29%
SheriffDeputyWin 25 games as a Sheriff
29%
ForgerDerailedForge a will on an Investigator.
29%
CrusaderDeus VultWin 25 games as a Crusader.
29%
CrusaderDevotionWin 10 games as a Crusader.
29%
Coven LeaderDiabolistWin 25 games as the Coven Leader.
29%
WitchDirecting the BladeControl a SerialKiller 5 times in a game.
29%
GeneralDiscipline for CrimeWin with half of the Mafia roles.
29%
PlaguebearerDiseasedWin 1 game as a Plaguebearer.
29%
ConsortDistractingRole block yourself.
29%
CrusaderDivine ProtectorWin your first game as a Crusader.
29%
MediumDivinerWin 10 games as a Medium
29%
TrackerDouble VisionSee your target visit two people on the same night.
29%
PirateDuelistWin 5 duels in a game.
29%
MedusaDust to DustWin 10 games as Medusa.
29%
LookoutEagle EyeWin 5 games as a Lookout
29%
PirateEdward TeachWin 25 games as a Pirate.
29%
Potion MasterElixir of Victory.Win 25 games as a Potion Master.
29%
Coven LeaderEnchantressWin 5 games as the Coven Leader.
29%
WitchEnchantressWin 5 games as a Witch
29%
RetributionistEncoreResurrect a Sheriff and find someone suspicious.
29%
SheriffEnforce the LawWin your first game as a Sheriff
29%
TransporterEnvoyWin 5 games as a Transporter
29%
SpyEspionageWin your first game as a Spy
29%
GodfatherEvil SyndicateWin 25 games as a Godfather
29%
JailorExecutionSuccessfully execute someone.
29%
MayorExecutiveWin 10 games as a Mayor
29%
BlackmailerExtortionWin your first game as a Blackmailer
29%
Potion MasterEye of NewtWin 5 games as a Potion Master.
29%
MayorFaith in the TownBe acquitted without revealing to the Town.
29%
GeneralFifty-FiftyWin with half of all roles.
29%
ExecutionerFiring SquadWin your first game as an Executioner
29%
AmbusherFrom the ShadowsWin 5 games as an Ambusher.
29%
MafiosoGangsterWin 5 games as a Mafioso
29%
MedusaGaze of StoneWin 1 game as Medusa.
29%
JesterGodfather's PhantomHaunt the Godfather.
29%
VampireGrave EndeavorsWin without having any Vampires die.
29%
EscortGreat CompanyWin 10 games as an Escort
29%
ExecutionerGuillotineWin 5 games as an Executioner
29%
GeneralHalf Way ThereWin with half of the Town roles.
29%
MediumHarbingerWin 25 games as a Medium
29%
LookoutHawkWin 10 games as a Lookout
29%
DoctorHealerWin 5 games as a Doctor
29%
EscortHey ThereSuccessfully role block someone.
29%
Hex MasterHocus PocusWin 10 games as a Hex Master.
29%
Guardian AngelHoly ProtectorWin 5 games as a Guardian Angel.
29%
MafiosoHoodlumWin 10 games as a Mafioso
29%
MedusaHouse of RockWin 5 games as Medusa.
29%
ConsigliereHow'd that happen?Find a Godfather,
29%
BlackmailerHush MoneyWin 5 games as a Blackmailer
29%
ArsonistIfritWin 25 games as an Arsonist
29%
BodyguardI'll save you!Successfully protect someone from being attacked.
29%
SurvivorI'm not gon' give up!Win your first game as a Survivor
29%
JanitorImpossible!Manage to clean up your own dead body.
29%
ArsonistIncendiaryWin 10 games as an Arsonist
29%
GeneralIndifferentWin with all of the Neutral roles.
29%
PlaguebearerInfectiousWin 5 games as a Plaguebearer.
29%
GeneralInitiationWin your first game of Town Of Salem.
29%
PlaguebearerInvincibleHave a Jailor try to execute you.
29%
WerewolfJailbreakKill the Jailor who jailed you.
29%
Hex MasterJinxWin 25 games as a Hex Master.
29%
JesterJokerWin your first game as a Jester
29%
VigilanteJudicatoryWin 25 games as a Vigilante
29%
CrusaderJust a Flesh WoundAttack 5 people in a game.
29%
VigilanteJusticeWin 5 games as a Vigilante
29%
Coven LeaderKill CommandControl a Jailor to execute his Jailee.
29%
JailorLocked UpWin 10 games as a Jailor
29%
TrackerLow JackWin 1 games as a Tracker.
29%
MafiosoLoyal ServantWin without dying or becoming the Godfather.
29%
VeteranLucky ParanoiaWin a game without killing any town members.
29%
JesterLunaticWin 25 games as a Jester
29%
WerewolfLycanWin 5 games as a Werewolf.
29%
ExecutionerLynch 'EmWin 10 games as an Executioner
29%
GeneralMarathonHave a game last 10 days.
29%
SheriffMarshallWin 5 games as a Sheriff
29%
DisguiserMasqueradeWin 5 games as a Disguiser
29%
GodfatherMastermindWin the game without dying.
29%
DisguiserMaster of DeceitDeceive the Town with a fake role upon your death.
29%
DisguiserMaster of DisguiseWin 25 games as a Disguiser
29%
EscortMaster of DistractionWin 25 games as an Escort
29%
TrapperMaster TrapperWin 25 games as a Trapper.
29%
WerewolfMauledWin 25 games as a Werewolf.
29%
VigilanteMercenaryWin your first game as a Vigilante
29%
HypnotistMesmerizedWin 25 games as a Hypnotist.
29%
PoisonerMiasmaWin 25 games as a Poisoner.
29%
MafiosoMobsterWin your first game as a Mafioso
29%
TrapperMulti-TrapPlace 3 traps in a single game.
29%
Serial KillerMurdererWin 5 games as a Serial Killer
29%
Potion MasterNatural RemediesSuccessfully heal a Coven member 5 times.
29%
JanitorNeat as a ButtonWin 10 games as a Janitor
29%
DoctorNeed Medical Attention?Heal someone who was attacked.
29%
AmbusherNever Saw it ComingWin 10 games as an Ambusher.
29%
HypnotistNow go to SleepWin 5 games as a Hypnotist.
29%
AmnesiacObliviousWin your first game as an Amnesiac
29%
WitchOccultistWin your first game as a Witch
29%
JanitorOn StrikeWin the game without cleaning any bodies.
29%
HypnotistOn the Count of ThreeWin 1 game as a Hypnotist.
29%
PsychicOracleWin 25 games as a Psychic.
29%
MediumOracleWin your first game as a Medium
29%
GodfatherOrganized CrimeWin 10 games as a Godfather
29%
GeneralPacifist in TrainingWin with half of the Neutral roles.
29%
TrackerPathfinderWin 5 games as a Tracker.
29%
GeneralPatriarchWin 50 games of Town of Salem
29%
JailorPenitentiaryWin 25 games as a Jailor
29%
VigilantePerfect ShotShoot 3 Non-Town in a single game.
29%
SurvivorPersevereWin 10 games as a Survivor
29%
PlaguebearerPestilentWin 25 games as a Plaguebearer.
29%
PiratePlunderWin 5 games as a Pirate.
29%
PoisonerPoison BarbsWin 5 games as a Poisoner.
29%
JuggernautPowering Up
29%
JuggernautPower Through!
29%
DoctorPractitionerWin your first game as a Doctor
29%
TransporterPrecious CargoWin 25 games as a Transporter
29%
JailorPrison WardenWin your first game as a Jailor
29%
ConsiglierePrivate DetectiveWin your first game as a Consigliere
29%
PsychicProphetWin 5 games as a Psychic.
29%
MediumProphetWin 5 games as a Medium
29%
Serial KillerPsychopathWin 10 games as a Serial Killer
29%
Serial KillerPsychopathic PactWin the game with another SerialKiller.
29%
TransporterPublic TransportationWin 10 games as a Transporter
29%
JuggernautRampaging
29%
RetributionistReanimateWin 25 games as a Retributionist
29%
NecromancerReanimate!Win 1 game as a Necromancer.
29%
Guardian AngelRevitalizedPurge a poison and a douse from your target.
29%
CrusaderRighteous FuryWin 5 games as a Crusader.
29%
MedusaRubble, Rubble, Soil, and TroubleWin 25 games as Medusa.
29%
BodyguardSafeguardWin 5 games as a Bodyguard
29%
JanitorSanitary DutyWin 25 games as a Janitor
29%
GeneralSavant of BusinessWin with all Coven expansion Mafia roles.
29%
GeneralSavant of GoodWin with all Coven expansion Town roles.
29%
GeneralSavant of MagicWin with all Coven expansion Coven roles.
29%
SpySaw it coming!See a member of the mafia targeting you.
29%
RetributionistSecond ChanceResurrect a Bodyguard and defend from an attack.
29%
LookoutSentinelWin 25 games as a Lookout
29%
LookoutSentryWin your first game as a Lookout
29%
VeteranSergeantWin 25 games as a Veteran
29%
FramerShift the BlameWin 25 games as a Framer
29%
PoisonerSilent but DeadlyWin 1 game as a Poisoner.
29%
SpySleuthWin 5 games as a Spy
29%
DisguiserSmoke ScreenWin 10 games as a Disguiser
29%
VigilanteSmoking GunWin 10 games as a Vigilante
29%
ConsigliereSnooperWin 25 games as a Consigliere
29%
Serial KillerSociopathWin 25 games as a Serial Killer
29%
VeteranSoldierWin 5 games as a Veteran
29%
PsychicSoothsayerWin 10 games as a Psychic.
29%
Coven LeaderSorceressWin 1 game as the Coven Leader.
29%
Hex MasterSpellslingerWin 1 game as a Hex Master.
29%
Vampire HunterStake the DamnedStake a Vampire.
29%
AmnesiacStill NeutralRemember that you were a Survivor.
29%
SurvivorStill StandingWin 25 games as a Survivor
29%
MayorSupervisorWin your first game as a Mayor
29%
DoctorSurgeonWin 25 games as a Doctor
29%
AmbusherSurgical PrecisionAmbush a Doctor who visits your target.
29%
MediumTalk to a PsychopathCommunicate with a Serial Killer.
29%
BodyguardTango DownKill the Godfather while protecting someone.
29%
FramerThat was pointlessFrame a member of the Mafia.
29%
RetributionistThe AvengerWin your first game as a Retributionist
29%
ForgerThe Proof Is In The PuddingWin 25 games as a Forger.
29%
GeneralThe Sicilian MafiaWin with all Mafia members still alive.
29%
Potion MasterThe TrifectaUse all three potions in a single game.
29%
GeneralTown of Salem ExpertWin with every role.
29%
GeneralTown of Salem SavantWin with all Coven expansion roles.
29%
PoisonerToxicWin 10 games as a Poisoner.
29%
TrackerTrail ChaserWin 10 games as a Tracker.
29%
BlackmailerTreacheryWin 25 games as a Blackmailer
29%
JesterTricksterWin 5 games as a Jester
29%
SpyUndercover AgentWin 10 games as a Spy
29%
CrusaderUnholy MistakeAttack Pestilence.
29%
PlaguebearerUnholy StrikeAttack 5 players in a single night.
29%
Vampire HunterVan HelsingWin 10 games as a Vampire Hunter.
29%
RetributionistVengeanceWin 5 games as a Retributionist
29%
Potion MasterVial JugglerWin 10 games as a Potion Master.
29%
PlaguebearerVirulentWin 10 games as a Plaguebearer.
29%
VeteranWarriorWin 10 games as a Veteran
29%
Hex MasterWhammiedKill 5 players as the Hex Master
29%
ForgerWhoops!Forge a will on a Mafia member.
29%
FramerWhoopsFrame yourself.
29%
VigilanteWhy Won't They Die?Shoot 3 people who can't die at night.
29%
WerewolfWild BeastWin 10 games as a Werewolf.
29%
PirateX Marks the SpotWin 10 games as a Pirate.
29%
HypnotistYou Were ConfusedHypnotize yourself.
29%
GeneralZealousWin 100 games of Town of Salem
29%
NecromancerZombie ApocalpyseWin 25 games as a Necromancer.
29%
JuggernautAn Object in Motion
14%
EscortAttendantWin your first game as an Escort
14%
PlaguebearerA Virulent PlagueHave all the living players infected on day 5.
14%
VampireBill ComptonWin 5 games as a Vampire.
14%
TransporterCan't Touch Me!Transport yourself with someone else.
14%
Guardian AngelDefender of the WeakWin 10 games as a Guardian Angel.
14%
ConsortDivert Your AttentionWin 10 games as a Consort
14%
Guardian AngelDivine InterventionSave your target.
14%
ConsortEntertainerWin 25 games as a Consort
14%
HypnotistEntrancedWin 10 games as a Hypnotist.
14%
FramerForgerWin 10 games as a Framer
14%
Guardian AngelGuardianWin 1 game as a Guardian Angel.
14%
FramerIncriminateWin 5 games as a Framer
14%
Coven LeaderInfluenced InfectionControl a player to visit Pestilence.
14%
ConsigliereInterrogateWin 5 games as a Consigliere
14%
GodfatherLeader of the MafiaWin your first game as a Godfather
14%
JuggernautLevel Up
14%
DoctorMedicWin 10 games as a Doctor
14%
ForgerMisdirectionWin 5 games as a Forger.
14%
VampireNight WalkerWin 10 games as a Vampire.
14%
VampireNocturnalWin 25 games as a Vampire.
14%
SurvivorRefuse to DieWin 5 games as a Survivor
14%
NecromancerRenewed BloodlustReanimate a Serial Killer.
14%
NecromancerRevived and RejuvenatedReanimate a Doctor to heal a Coven member.
14%
WerewolfSavageWin your first game as a Werewolf.
14%
FramerSlanderWin your first game as a Framer
14%
DisguiserSlippery ChameleonSuccessfully disguise your role 3 times in one game.
14%
EscortTailgaterWin 5 games as an Escort
14%
Potion MasterThe HorsemanFind Pestilence.
14%
PsychicThe SightHave 6 visions in a single game.
14%
MafiosoThugWin 25 games as a Mafioso
14%
VampireTrue BloodConvert 3 people to vampires in one game.
14%
WitchVoodooWin 10 games as a Witch
14%
WitchWarlockWin 25 games as a Witch
14%
TrapperWhat's in the Trap?Win 10 games as a Trapper.
14%
DoctorWhere does it hurt?Save 3 people in one game
14%
ForgerFabricateWin your first game as a Forger.
0%

Score Distribution

Percentile by Number Answered

Percent of People with Each Score

Your Score History

You have not taken this quiz